| 000 | 00773nam a2200241 a 4500 | ||
|---|---|---|---|
| 005 | 20221126063603.0 | ||
| 008 | 010716s1998 mx r 000 0 spa d | ||
| 020 | _a8483160021 | ||
| 035 | _aUPN01000111874 | ||
| 049 | _aCG | ||
| 050 | 4 |
_aHM134 _bA5.4 no.7 1998 |
|
| 100 | 1 |
_aVopel, Klaus W. _929492 |
|
| 245 | 1 | 0 |
_aJuegos de interacción para adolescentes, jovenes y adultos : _bmotivación. confianza. sinceridad / _cKlaus W. Vopel. |
| 250 | _a2a. ed. | ||
| 260 |
_aMadrid : _bCCS, _c1998. |
||
| 300 |
_a189 p. : _bil. |
||
| 440 | 0 |
_aAnimación de grupos ; _v7 |
|
| 534 |
_pTraducción de: _tInteraktionsspiele für jugendliche |
||
| 650 | 4 |
_aJUEGOS EN GRUPOS _96711 |
|
| 650 | 2 |
_aInteracción _93027 |
|
| 650 | 7 |
_aMotivación (Psicología) _2 _95909 |
|
| 905 | _aLibro | ||
| 999 |
_c85782 _d85782 |
||